[Event "City-ch w"]
[Site "St Petersburg RUS"]
[Date "2003.04.24"]
[Round "7"]
[White "Stjazhkina,O"]
[Black "Bystryakova,E"]
[Result "1-0"]
[WhiteElo "2313"]
[BlackElo "2197"]
[EventDate "2003.04.16"]

1. e4 c5 2. f4 d5 3. exd5 Nf6 4. Bb5+ Nbd7 5. c4 a6 6. Bxd7+ Bxd7 7. Qe2
Bg4 8. Nf3 Qd6 9. d3 e6 10. Nc3 Bxf3 11. Qxf3 exd5 12. O-O Be7 13. f5 O-O
14. Bf4 Qd7 15. Be5 Rfd8 16. Bxf6 Bxf6 17. Nxd5 Bd4+ 18. Kh1 Qd6 19. Rab1
a5 20. b3 Be5 21. g3 f6 22. a4 Rd7 23. Rbe1 Rad8 24. Re4 Qf8 25. Qh5 Qf7
26. Qxf7+ Kxf7 27. Kg2 Rd6 28. g4 h6 29. h3 R6d7 30. h4 Rh8 31. Rh1 Rdd8
32. g5 hxg5 33. hxg5 Rxh1 34. g6+ Ke8 35. Kxh1 Kd7 36. Rh4 Kd6 37. Rh7 Rd7
38. Rh8 Bb2 39. Re8 Kc6 40. Kg2 Be5 41. Kf3 Bh2 42. Re6+ Bd6 43. Nc3 Rd8
44. Nb5 Rd7 45. Ke4 Re7 46. Rxe7 Bxe7 47. d4 b6 48. Nc3 Bd6 49. Nd5 cxd4
50. Nxf6 Kc5 51. Nd5 Bf8 52. Kd3 Bd6 53. f6 Be5 54. f7 Bd6 55. Nf4 Kb4 56.
Ne6 Kxb3 57. Nxg7 Kxa4 58. Ne6 1-0

[Event "City-ch w"]
[Site "St Petersburg RUS"]
[Date "2003.04.24"]
[Round "7"]
[White "Sudakova,I"]
[Black "Mokhova,K"]
[Result "1-0"]
[WhiteElo "2277"]
[BlackElo "2155"]
[EventDate "2003.04.16"]

1. e4 e5 2. Nf3 Nf6 3. Nxe5 d6 4. Nf3 Nxe4 5. d4 d5 6. Bd3 Be7 7. O-O Nc6
8. c4 Nb4 9. Be2 O-O 10. Nc3 Be6 11. Nxe4 dxe4 12. Ne1 f5 13. a3 Na6 14. d5
Bf7 15. Nc2 c6 16. dxc6 bxc6 17. Qxd8 Rfxd8 18. Be3 c5 19. Rfd1 Bf6 20.
Rxd8+ Rxd8 21. Rb1 g5 22. g3 Rc8 23. Rd1 Rd8 24. Rxd8+ Bxd8 25. b4 Be7 26.
b5 Nb8 27. Na1 Nd7 28. Nb3 h6 29. a4 Kf8 30. a5 Bd6 31. a6 Ke8 32. Na5 Kd8
33. h4 gxh4 34. gxh4 h5 35. Nc6+ Kc7 36. Bd2 Ne5 37. Ba5+ Kd7 38. Nxe5+
Bxe5 39. Bb6 Bd4 40. Bxa7 f4 41. Bb8 f3 42. Bxf3 1-0

[Event "City-ch w"]
[Site "St Petersburg RUS"]
[Date "2003.04.24"]
[Round "7"]
[White "Rakitskaja,M"]
[Black "Kuzevanova,E"]
[Result "1-0"]
[WhiteElo "2122"]
[BlackElo "2048"]
[EventDate "2003.04.16"]

1. d4 Nf6 2. Nf3 g6 3. c4 Bg7 4. Nc3 d5 5. Qb3 c6 6. Bf4 O-O 7. e3 b6 8.
Bd3 Bb7 9. O-O Nbd7 10. e4 dxe4 11. Nxe4 Nxe4 12. Bxe4 Nf6 13. Bc2 e6 14.
Rad1 Qc8 15. c5 Nd5 16. Bd6 Re8 17. Rfe1 Bf8 18. Ne5 Qd8 19. Bxf8 Rxf8 20.
Nc4 Ba6 21. Nd6 bxc5 22. dxc5 Qa5 23. Qa3 Qxa3 24. bxa3 Rfd8 25. Rd2 Nc3
26. a4 Rab8 27. Bb3 Kf8 28. h3 Rd7 29. Re3 Nd5 30. Bxd5 cxd5 31. Rb3 Rbd8
32. Nb5 Bxb5 33. axb5 Rc7 34. c6 Rb8 35. Rc2 d4 36. a4 e5 37. a5 d3 38. Rc5
Rd8 39. Rb1 Rb8 40. Kf1 Ke7 41. Rxe5+ Kd6 42. Re3 Rxc6 43. Rxd3+ Kc7 44.
Rd5 Rd6 45. Rc5+ Kb7 46. Rbc1 Rd7 47. g3 Re8 48. Re1 Red8 49. Kg2 h6 50. h4
Rf8 51. Ree5 Rfd8 52. Rc6 Rf8 53. Rf6 Rfd8 54. h5 gxh5 55. Rxh5 Re8 56.
Rfxh6 Re2 57. Rf6 Ra2 58. a6+ Kc7 59. Rhf5 1-0

[Event "City-ch w"]
[Site "St Petersburg RUS"]
[Date "2003.04.25"]
[Round "8"]
[White "Kuzevanova,E"]
[Black "Dushenok,A"]
[Result "1-0"]
[WhiteElo "2048"]
[BlackElo "2224"]
[EventDate "2003.04.16"]

1. e4 e6 2. d4 d5 3. Nc3 dxe4 4. Nxe4 Nd7 5. Nf3 Ngf6 6. Bg5 Be7 7. Nxf6+
Nxf6 8. Bd3 h6 9. Bh4 c5 10. dxc5 Qa5+ 11. c3 Qxc5 12. O-O O-O 13. Qe2 Rd8
14. Rad1 Bd7 15. Ne5 Ba4 16. b3 Be8 17. c4 a5 18. Kh1 a4 19. f4 axb3 20.
axb3 Ra3 21. Bxf6 Bxf6 22. Qe4 Rxb3 23. Ng4 Bd4 24. Qh7+ Kf8 25. f5 Rd6 26.
fxe6 Rxe6 27. Rde1 Rbb6 28. Bf5 Qxc4 29. Bxe6 Rxe6 30. Qh8+ Ke7 31. Rxe6+
fxe6 32. Qf8+ Kd7 33. Rd1 Qa4 34. Qxg7+ Kc6 35. Qxd4 1-0

[Event "City-ch w"]
[Site "St Petersburg RUS"]
[Date "2003.04.25"]
[Round "8"]
[White "Mokhova,K"]
[Black "Korbut,E"]
[Result "0-1"]
[WhiteElo "2155"]
[BlackElo "2312"]
[EventDate "2003.04.16"]

1. e4 c5 2. c3 g6 3. d4 cxd4 4. cxd4 d5 5. e5 f6 6. exf6 Nxf6 7. h3 Bg7 8.
Nf3 O-O 9. Bd3 Nc6 10. O-O Nb4 11. Be2 Bf5 12. a3 Nc2 13. Ra2 Nxd4 14. Nxd4
Bxb1 15. Ra1 Bf5 16. Bf3 e5 17. Nb5 a6 18. Nc3 e4 19. g4 exf3 20. gxf5 d4
21. Nb1 Nd5 22. Nd2 Qg5+ 0-1

[Event "City-ch w"]
[Site "St Petersburg RUS"]
[Date "2003.04.25"]
[Round "8"]
[White "Bystryakova,E"]
[Black "Sudakova,I"]
[Result "1/2-1/2"]
[WhiteElo "2197"]
[BlackElo "2277"]
[EventDate "2003.04.16"]

1. d4 d5 2. c4 c6 3. Nf3 e6 4. Nbd2 Nf6 5. g3 Nbd7 6. Bg2 Bd6 7. O-O O-O 8.
Qc2 Qe7 9. b3 b6 10. e4 dxe4 11. Nxe4 Nxe4 12. Qxe4 Bb7 13. Ne5 Nxe5 14.
dxe5 Bc5 15. h4 h6 16. Qg4 Kh8 17. Qh5 Bd4 18. Bg5 f6 19. exf6 Qf7 20.
fxg7+ Bxg7 21. Qxf7 Rxf7 22. Bf4 Bxa1 23. Rxa1 c5 24. Bxh6 Bxg2 25. Kxg2
Kh7 26. Bf4 Rg8 27. Bg5 Rgf8 28. f4 Rd7 29. Re1 Rd2+ 30. Kh3 Re8 31. f5
Rxa2 32. fxe6 a5 33. e7 a4 34. bxa4 Rxa4 35. Re6 Rxc4 36. Rxb6 Re4 37. Rc6
c4 38. Kg2 Rg4 39. Rc5 Kg8 40. Kf3 Rd4 41. Bf6 Rd6 42. Bg5 Rd4 43. Be3 Rd3
44. Rxc4 Rxe7 45. Re4 Rxe4 46. Kxe4 Ra3 47. Bf4 1/2-1/2

[Event "City-ch w"]
[Site "St Petersburg RUS"]
[Date "2003.04.25"]
[Round "8"]
[White "Aseeva,M"]
[Black "Stjazhkina,O"]
[Result "0-1"]
[WhiteElo "2125"]
[BlackElo "2313"]
[EventDate "2003.04.16"]

1. e4 e5 2. Nf3 Nc6 3. d4 exd4 4. Nxd4 Bc5 5. Nxc6 Qf6 6. Qd2 dxc6 7. Nc3
Qe7 8. Bd3 Nf6 9. O-O Ng4 10. Qg5 f6 11. Qh4 h5 12. Na4 g5 13. Qg3 h4 14.
Qf3 Bd6 15. Qe2 Bxh2+ 16. Kh1 Bg3 17. e5 Nxe5 18. fxg3 hxg3+ 19. Kg1 Qg7
0-1

[Event "City-ch w"]
[Site "St Petersburg RUS"]
[Date "2003.04.26"]
[Round "9"]
[White "Korbut,E"]
[Black "Bystryakova,E"]
[Result "0-1"]
[WhiteElo "2312"]
[BlackElo "2197"]
[EventDate "2003.04.16"]

1. e4 e6 2. d4 d5 3. Nc3 dxe4 4. Nxe4 Nd7 5. Bd3 Ngf6 6. Qe2 c5 7. Nxf6+
Nxf6 8. dxc5 Bxc5 9. Bd2 O-O 10. O-O-O Qc7 11. Nf3 b6 12. Ne5 Bb7 13. h4
Rac8 14. Rh3 Rfd8 15. Rg3 Rxd3 16. Nxd3 Bd6 17. Be1 Bxg3 18. fxg3 Ne4 19.
Nf4 h6 20. Rd4 Nd6 21. Nh5 Qc5 22. Bf2 Qc6 23. Qd1 Qxg2 24. Qe1 Ne4 25. Rd2
0-1

[Event "City-ch w"]
[Site "St Petersburg RUS"]
[Date "2003.04.26"]
[Round "9"]
[White "Sudakova,I"]
[Black "Aseeva,M"]
[Result "1/2-1/2"]
[WhiteElo "2277"]
[BlackElo "2125"]
[EventDate "2003.04.16"]

1. e4 e5 2. Nf3 Nc6 3. Bb5 a6 4. Ba4 Nf6 5. O-O Nxe4 6. d4 b5 7. Bb3 d5 8.
dxe5 Be6 9. Nbd2 Nc5 10. c3 Be7 11. Bc2 Bg4 12. Re1 Qd7 13. Nf1 Rd8 14. h3
Bh5 15. Ng3 Bg6 16. Nd4 Nxd4 17. cxd4 Bxc2 18. Qxc2 Ne6 19. Be3 c5 20. dxc5
d4 21. c6 Qd5 22. Bd2 d3 23. Qd1 Qxc6 24. Nf5 Bc5 25. Rc1 Qb6 26. Qf3 O-O
27. b4 Bxb4 28. Bxb4 d2 29. Bxd2 Rxd2 30. Rc6 Qa7 31. a3 a5 32. Rec1 b4 33.
axb4 axb4 34. Rc8 b3 35. Qg3 g6 36. Rxf8+ Kxf8 37. Qh4 Rc2 38. Rd1 gxf5 39.
Rd8+ 1/2-1/2

[Event "City-ch w"]
[Site "St Petersburg RUS"]
[Date "2003.04.26"]
[Round "9"]
[White "Rakitskaja,M"]
[Black "Mokhova,K"]
[Result "1-0"]
[WhiteElo "2122"]
[BlackElo "2155"]
[EventDate "2003.04.16"]

1. d4 d5 2. Nf3 Nf6 3. c4 dxc4 4. e3 Bg4 5. Bxc4 e6 6. O-O Nbd7 7. Nc3 c6
8. Re1 Be7 9. h3 Bxf3 10. Qxf3 O-O 11. Bb3 Re8 12. e4 Bb4 13. Bg5 Qa5 14.
e5 Nd5 15. Rac1 Rac8 16. Re2 Bxc3 17. bxc3 Ne7 18. Qg4 Nf8 19. h4 b5 20. h5
c5 21. h6 g6 22. Bxe7 Rxe7 23. Qg5 f6 24. exf6 Rf7 25. dxc5 Rc6 26. Rce1
Qxc3 27. Bxe6 Nxe6 28. Rxe6 Rxe6 29. Rxe6 Qa1+ 30. Kh2 Qxa2 31. Qe5 Rf8 32.
f7+ 1-0

[Event "City-ch w"]
[Site "St Petersburg RUS"]
[Date "2003.04.26"]
[Round "9"]
[White "Akatova,E"]
[Black "Kuzevanova,E"]
[Result "1-0"]
[WhiteElo "2136"]
[BlackElo "2048"]
[EventDate "2003.04.16"]

1. e4 d5 2. exd5 Qxd5 3. Nc3 Qa5 4. Nf3 Nf6 5. Be2 c6 6. d4 Bf5 7. O-O e6
8. a3 Bd6 9. Bd2 Qc7 10. b4 Nbd7 11. Re1 O-O 12. h3 h6 13. Na2 e5 14. dxe5
Nxe5 15. Nd4 Bh7 16. c4 Rad8 17. Bc3 Rfe8 18. Qc1 Nd3 19. Bxd3 Bxd3 20. c5
Bh2+ 21. Kh1 Ne4 22. Qb2 Qf4 23. Nf3 Nxf2+ 24. Qxf2 Bg3 25. Rxe8+ Rxe8 26.
Qd4 Qxd4 27. Nxd4 Bc4 28. Nf5 Bc7 29. Nd6 1-0

[Event "City-ch w"]
[Site "St Petersburg RUS"]
[Date "2003.04.27"]
[Round "10"]
[White "Bystryakova,E"]
[Black "Rakitskaja,M"]
[Result "1-0"]
[WhiteElo "2197"]
[BlackElo "2122"]
[EventDate "2003.04.16"]

1. d4 Nf6 2. Nf3 e6 3. c4 b6 4. g3 Ba6 5. b3 Bb4+ 6. Bd2 Be7 7. Bg2 d5 8.
cxd5 exd5 9. O-O O-O 10. Ne5 c6 11. Bf4 Qc8 12. Qc2 Qe6 13. Nd2 Nh5 14.
Ndf3 Nxf4 15. gxf4 f6 16. f5 Qd6 17. Nd3 Nd7 18. Qd2 Rfe8 19. Kh1 Bf8 20.
Rg1 Re4 21. e3 Bxd3 22. Qxd3 Rae8 23. Rac1 Nb8 24. Nd2 Rh4 25. Nf1 Qd7 26.
Bf3 Bd6 27. Ng3 Kh8 28. Kg2 g5 29. h3 Qg7 30. Nh5 Qh6 31. Qd1 Rg8 32. Bg4
Rxh5 33. Bxh5 g4 34. Bxg4 Qh4 35. Qf3 h5 36. Rh1 Rg7 37. Rcg1 Rh7 38. Kf1
Nd7 39. Qg2 hxg4 40. hxg4 Qg5 41. Rxh7+ Kxh7 42. f4 Qg7 43. g5 fxg5 44.
fxg5 Kg8 45. Rh1 Nf8 46. Rh6 Qe7 47. Qh3 Bb4 48. Rh8+ Kf7 49. Qh5+ 1-0

[Event "City-ch w"]
[Site "St Petersburg RUS"]
[Date "2003.04.27"]
[Round "10"]
[White "Antoshkova,T"]
[Black "Kuzevanova,E"]
[Result "1-0"]
[WhiteElo "2103"]
[BlackElo "2048"]
[EventDate "2003.04.16"]

1. e4 c5 2. Nf3 d6 3. d4 cxd4 4. Nxd4 Nf6 5. Nc3 a6 6. Be2 e5 7. Nb3 Be6 8.
f4 exf4 9. Bxf4 Nc6 10. O-O Be7 11. Qe1 d5 12. exd5 Nxd5 13. Nxd5 Bxd5 14.
Rd1 Qb6+ 15. Kh1 Be6 16. Qg3 O-O 17. Be3 Qb4 18. Rf4 Bd6 19. Rxb4 Bxg3 20.
Rxb7 Be5 21. Rb6 Ne7 22. Bf3 Rad8 23. Rxd8 Rxd8 24. Rxa6 Bxb2 25. Ra7 Nd5
26. Bd4 Bc3 27. a4 g5 28. h3 Be1 29. Nc5 Nf4 30. Bf6 Rb8 31. Be5 Rc8 32.
Nxe6 Nxe6 33. a5 Kf8 34. Be4 h5 35. a6 g4 36. Kh2 Nc5 37. Bd5 f5 38. Bd6+
Ke8 39. Bf7+ Kd8 40. Be7+ 1-0

[Event "City-ch w"]
[Site "St Petersburg RUS"]
[Date "2003.04.27"]
[Round "10"]
[White "Mokhova,K"]
[Black "Dushenok,A"]
[Result "1/2-1/2"]
[WhiteElo "2155"]
[BlackElo "2224"]
[EventDate "2003.04.16"]

1. e4 e6 2. d4 d5 3. Nc3 dxe4 4. Nxe4 Nd7 5. Nf3 Ngf6 6. Nxf6+ Nxf6 7. Bd3
c5 8. dxc5 Bxc5 9. O-O O-O 10. Qe2 b6 11. Bg5 Bb7 1/2-1/2

[Event "City-ch w"]
[Site "St Petersburg RUS"]
[Date "2003.04.27"]
[Round "10"]
[White "Aseeva,M"]
[Black "Korbut,E"]
[Result "1-0"]
[WhiteElo "2125"]
[BlackElo "2312"]
[EventDate "2003.04.16"]

1. e4 c5 2. Nf3 g6 3. d4 cxd4 4. Qxd4 Nf6 5. c4 Nc6 6. Qe3 d6 7. Nc3 Bg7 8.
Bd3 Bg4 9. Bd2 Rc8 10. Rc1 h5 11. h3 Bh6 12. Ng5 Bd7 13. f4 h4 14. Qf2 Bg7
15. Nf3 Nh5 16. O-O Nb4 17. Bb1 Rxc4 18. Qxa7 Ng3 19. Rfe1 e6 20. Qxb7 Rh5
21. Qa7 Rhc5 22. Qa3 Nc6 23. Bd3 Ra5 24. Qxd6 Bf8 25. Qxf8+ Kxf8 26. Bxc4
Qb6+ 27. Kh2 Ra8 28. Nb5 Qf2 29. Be3 Qxb2 30. Rb1 Qf6 31. e5 Qd8 32. Nd6
Nf5 33. Bb6 Qe7 34. Bc5 Ra5 35. Bb5 Kg8 36. Ne4 Qd8 37. Nf6+ Kh8 38. Red1
Ncd4 39. Ng5 Rxa2 40. Bxd4 Qa8 41. Nfe4 Ng3 42. Bc4 Rxg2+ 43. Kxg2 Nxe4 44.
Nf3 Bc6 45. Ra1 Qc8 46. Kh2 Nc3 47. Bxc3 Bxf3 48. Rd4 Bd5 49. Rad1 Kg7 50.
Be1 Bxc4 51. Rc1 Qa8 52. Rdxc4 Qf3 53. R1c2 g5 54. fxg5 Qf5 55. Bxh4 Qxe5+
56. Bg3 Qe3 57. Rf2 1-0

[Event "City-ch w"]
[Site "St Petersburg RUS"]
[Date "2003.04.28"]
[Round "11"]
[White "Sudakova,I"]
[Black "Antoshkova,T"]
[Result "1-0"]
[WhiteElo "2277"]
[BlackElo "2103"]
[EventDate "2003.04.16"]

1. e4 e5 2. Nf3 Nc6 3. Nc3 Nf6 4. g3 Bb4 5. Bg2 d6 6. d3 h6 7. O-O Be6 8.
a3 Bxc3 9. bxc3 O-O 10. Rb1 b6 11. h3 d5 12. exd5 Nxd5 13. Qe1 Qd6 14. c4
Nde7 15. Bb2 Ng6 16. Kh2 Rad8 17. Qc3 Nd4 18. Nxd4 exd4 19. Qd2 Nh4 20. Bh1
Nf5 21. Rbe1 Rfe8 22. Bc1 Bd7 23. Be4 Qf6 24. Qf4 c5 25. Re2 Re6 26. Rfe1
Ne7 27. Qc7 Nc6 28. Bd5 Ree8 29. Kg2 Kh7 30. Rxe8 Rxe8 31. Rxe8 Bxe8 32.
Qc8 Qd8 33. Qf5+ g6 34. Qf4 g5 35. Qe4+ f5 36. Qxf5+ Kg7 37. Qe6 Ne7 38.
Qe5+ Kh7 39. Be4+ Ng6 40. h4 Bc6 41. h5 Bxe4+ 42. Qxe4 1-0

[Event "City-ch w"]
[Site "St Petersburg RUS"]
[Date "2003.04.28"]
[Round "11"]
[White "Rakitskaja,M"]
[Black "Aseeva,M"]
[Result "1-0"]
[WhiteElo "2122"]
[BlackElo "2125"]
[EventDate "2003.04.16"]

1. d4 d5 2. c4 c6 3. Nf3 Nf6 4. e3 e6 5. Nbd2 Nbd7 6. Bd3 Be7 7. O-O O-O 8.
b3 a5 9. Bb2 a4 10. c5 b6 11. b4 Ba6 12. Qc2 Bxd3 13. Qxd3 b5 14. e4 dxe4
15. Nxe4 Nd5 16. a3 Qc7 17. Neg5 Bxg5 18. Nxg5 N7f6 19. Rfe1 h6 20. Nf3
Rad8 21. Rad1 Ne7 22. Ne5 Rd5 23. g4 Nxg4 24. Nxg4 Rg5 25. h3 h5 26. Re5 f5
27. Qe3 Rg6 28. Rxe6 Nd5 29. Rxg6 Nxe3 30. Nxe3 f4 31. d5 Rf7 32. Nf5 Kh7
33. Rg2 g6 34. dxc6 Qxc6 35. Rd8 Rf6 36. Nd6 1-0

[Event "City-ch w"]
[Site "St Petersburg RUS"]
[Date "2003.04.28"]
[Round "11"]
[White "Akatova,E"]
[Black "Mokhova,K"]
[Result "1/2-1/2"]
[WhiteElo "2136"]
[BlackElo "2155"]
[EventDate "2003.04.16"]

1. e4 e5 2. Nf3 Nf6 3. Nxe5 d6 4. Nf3 Nxe4 5. Nc3 Nf6 6. d4 d5 7. Bd3 Bg4
8. O-O Be7 9. Re1 O-O 10. Bf4 c6 11. h3 Bh5 12. Re3 Nbd7 13. Ne2 Bxf3 14.
Rxf3 Ne4 15. Ng3 f5 16. c4 Kh8 17. cxd5 cxd5 18. Qb3 Nb6 19. Rd1 g6 20.
Be5+ Bf6 21. a4 a5 22. Bxe4 dxe4 23. Rc3 Nd5 24. Rc5 Nb4 25. Bc7 Qd7 26.
Be5 Bxe5 27. dxe5 Nd3 28. Qc3 Qe6 29. Rxa5 Rxa5 30. Qxa5 Qxe5 31. Qxe5+
Nxe5 32. Rd5 Nd3 33. Rb5 Rf7 34. h4 Rc7 35. h5 Kg7 36. Rb6 Kf7 37. a5 Ne5
38. Ne2 Nd7 39. Rb5 Nf6 40. hxg6+ hxg6 41. g3 Ne8 42. Rb6 Rd7 43. Nf4 Nd6
44. b4 g5 45. Nh3 Kg6 46. b5 Kh5 47. a6 bxa6 48. bxa6 Nc8 49. Rb7 Rd1+ 50.
Kg2 Ra1 51. Rg7 Nd6 52. a7 Kh6 53. Rd7 Nc4 54. Rc7 Nd2 55. Rc5 Kg6 56. g4
fxg4 57. Rxg5+ Kf6 1/2-1/2